Collected Poems (Record no. 12811)

MARC details
000 -LEADER
fixed length control field 00402nam a22001697a 4500
003 - CONTROL NUMBER IDENTIFIER
control field OSt
008 - FIXED-LENGTH DATA ELEMENTS--GENERAL INFORMATION
fixed length control field 240805b |||||||| |||| 00| 0 eng d
020 ## - INTERNATIONAL STANDARD BOOK NUMBER
International Standard Book Number 9780195672497
082 ## - DEWEY DECIMAL CLASSIFICATION NUMBER
Classification number 891.43 EZC
100 ## - MAIN ENTRY--PERSONAL NAME
Personal name EZEKIEL, Nissim
245 ## - TITLE STATEMENT
Title Collected Poems
250 ## - EDITION STATEMENT
Edition statement 2nd. ed.,
260 ## - PUBLICATION, DISTRIBUTION, ETC. (IMPRINT)
Place of publication, distribution, etc New Delhi,
Name of publisher, distributor, etc Oxford University Press,
Date of publication, distribution, etc 2023,
300 ## - PHYSICAL DESCRIPTION
Extent 296 p.
650 ## - SUBJECT ADDED ENTRY--TOPICAL TERM
Topical term or geographic name as entry element English
942 ## - ADDED ENTRY ELEMENTS (KOHA)
Source of classification or shelving scheme Dewey Decimal Classification
Koha item type Text Books
Holdings
Withdrawn status Lost status Source of classification or shelving scheme Damaged status Not for loan Collection code Home library Current library Date acquired Source of acquisition Currency Cost, normal purchase price Bill Number Total Checkouts Full call number Acc. no. / Barcode Date last seen Actual Cost, discounted price Bill Date Koha item type Date last borrowed
    Dewey Decimal Classification     B.A Hons. English PIET NCR College Library PIET NCR College Library 27/07/2024 Zafaa Books & Distributers In Rupees 645.00 ZBD0114   891.43 EZC N3677 05/08/2024 445.05 27/07/2024 Reference Books  
    Dewey Decimal Classification     B.A Hons. English PIET NCR College Library PIET NCR College Library 27/07/2024 Zafaa Books & Distributers In Rupees 645.00 ZBD0114 1 891.43 EZC N3678 10/09/2024 445.05 27/07/2024 Text Books 13/08/2024
    Dewey Decimal Classification     B.A Hons. English PIET NCR College Library PIET NCR College Library 12/08/2024 Zafaa Books & Distributers In Rupees 645.00 ZBD0135   891.43 EZC N3729 14/08/2024 445.05 14/08/2024 Text Books  

Design & Developed by: PIET Central Library
R70 Miles Stone Pattikalyana Samalkha Panipat 132102
mail ID :- [email protected], Phone No:- 0180-2569700 Ex.216